000 00468nam a2200181 a 4500
001 1761205392524
003 ACL
005 20251023131505.0
008 251023s2010##################000#0#eng##
020 _a9780230328723
082 0 4 _a658.7
_bAGR
100 1 _aAgarwal, D K,
_eauthor.
245 1 0 _aSupply Chain Management:Strategy, Cases and Best Practices :
260 _bMacmillan,
_c2010.
300 _a452 pages
942 _cENGLISH
040 _aACL
_beng
_cACL
999 _c592868
_d592868